Parliaments and economic affairs in Britain, France, Italy and the Netherlands : (Record no. 2135)

MARC details
000 -LEADER
fixed length control field 01168cam a2200313 a 4500
001 - CONTROL NUMBER
control field 2791018
003 - CONTROL NUMBER IDENTIFIER
control field OSt
005 - DATE AND TIME OF LATEST TRANSACTION
control field 20230621120408.0
008 - FIXED-LENGTH DATA ELEMENTS--GENERAL INFORMATION
fixed length control field 830622s1980 enk b 001 0 eng
010 ## - LIBRARY OF CONGRESS CONTROL NUMBER
LC control number 81108647
015 ## - NATIONAL BIBLIOGRAPHY NUMBER
National bibliography number GB***
020 ## - INTERNATIONAL STANDARD BOOK NUMBER
International Standard Book Number 0435838040 :
Terms of availability £12.50
040 ## - CATALOGING SOURCE
Original cataloging agency DLC
Transcribing agency DLC
Modifying agency DLC
043 ## - GEOGRAPHIC AREA CODE
Geographic area code e------
082 00 - DEWEY DECIMAL CLASSIFICATION NUMBER
Classification number 328.4
Item number COO
110 2# - MAIN ENTRY--CORPORATE NAME
Corporate name or jurisdiction name as entry element Committee of Cooperation for European Parliamentary Studies.
245 10 - TITLE STATEMENT
Title Parliaments and economic affairs in Britain, France, Italy and the Netherlands :
Remainder of title the results of a survey /
Statement of responsibility, etc. by the Committee of Cooperation for European Parliamentary Studies ; edited by David Coombes and S.A. Walkland.
260 ## - PUBLICATION, DISTRIBUTION, ETC. (IMPRINT)
Place of publication, distribution, etc. London :
Name of publisher, distributor, etc. Heinemann for the European Centre for Political Studies of the Policy Studies Institute,
Date of publication, distribution, etc. 1980.
300 ## - PHYSICAL DESCRIPTION
Extent x, 238 p. ;
Dimensions 23 cm.
500 ## - GENERAL NOTE
General note Includes index.
504 ## - BIBLIOGRAPHY, ETC. NOTE
Bibliography, etc Bibliography: p. [229]-231.
650 #0 - SUBJECT ADDED ENTRY--TOPICAL TERM
Topical term or geographic name as entry element Legislative bodies
Geographic subdivision Europe.
650 #0 - SUBJECT ADDED ENTRY--TOPICAL TERM
Topical term or geographic name as entry element Legislative oversight
Geographic subdivision Europe.
651 #0 - SUBJECT ADDED ENTRY--GEOGRAPHIC NAME
Geographic name Europe
General subdivision Economic policy.
700 1# - ADDED ENTRY--PERSONAL NAME
Personal name Coombes, David L.
700 1# - ADDED ENTRY--PERSONAL NAME
Personal name Walkland, S. A.
906 ## - LOCAL DATA ELEMENT F, LDF (RLIN)
a 7
b cbc
c orignew
d 4
e ncip
f 19
g y-gencatlg
942 ## - ADDED ENTRY ELEMENTS (KOHA)
Source of classification or shelving scheme Dewey Decimal Classification
Koha item type Books
Holdings
Withdrawn status Lost status Source of classification or shelving scheme Damaged status Not for loan Home library Current library Date acquired Total Checkouts Full call number Barcode Date last seen Price effective from Koha item type
    Dewey Decimal Classification     County Hall Archives County Hall Archives 06/21/2023   328.4 COO 10002098 06/21/2023 06/21/2023 Books
LIBRARY OPENING HOURS

When the Parliament is sitting: 8.00a.m - 7.00p.m or until the house adjourns
Mondays and Fridays and when the House is on Recess:  8.00a.m - 5.00p.m
Closed on Weekends and Public Holidays

Online Public Access Catalog (OPAC)
Website: http://www.parliament.go.ke
Bunge Library: https://libraryir.parliament.go.ke
Contact: library@parliament.go.ke | Tel no: (254-2)2221291 or 2848000 Ext 5043